| 000 | 00865nam a22001577a 4500 | ||
|---|---|---|---|
| 003 | OSt | ||
| 005 | 20151231090928.0 | ||
| 008 | 151231b xxu||||| |||| 00| 0 eng d | ||
| 040 | _cRUA | ||
| 082 | _aLMA YOT 2007 B295 Or.1 | ||
| 100 |
_95823 _aYOT, PAIYNA. |
||
| 245 | _athe provlems related to the transfer of ownership of parces located in spean thma commune, kandal stueng district, kandal province (ផលប៉ះពាល់នៃការផ្ទេរសិទ្ធិលើអចលវត្ថុចំពោះដីធ្លីដែលមានប័ណ្ណកម្មសិទ្ធិរបស់ប្រជាពលរដ្ឋ នៅឃុំស្ពានថ្ម ស្រុកកណ្តាលស្ទឹង ខេត្តកណ្តាល) | ||
| 260 |
_aPhnom Penh _bRUA _c2007 |
||
| 300 |
_axi, 47p. _bill. _c29cm. |
||
| 942 |
_2ddc _cLMA |
||
| 999 |
_c5422 _d5422 |
||